000 00297 a2200133 4500
001 76684
082 _a355.01 MIR
090 _c39202
_d39202
100 _aSun Tzu
245 _aArt of War (Urdu)
_cSun Tzu
_hurdu
260 _aKARACHI
_bCity Book
_c2010
300 _a158 p
600 _aAbid Mir
942 _acaenust
_k355.01 MIR
999 _c311757
_d311757